000 00696nam a2200241Ia 4500
003 OSt
005 20220916110946.0
006 a|||||r|||| 00| 0
007 ta
008 220915b |||||||| |||| 00| 0 eng d
024 _a33111
037 _cTextbook
040 _beng
_aARTS
_cARTS
041 _aeng
082 _aO111,3M57:g, M3 (EO)
100 _aMichaux Jean Pierre Ed.
245 0 _aGeorge Gissing : critical essays ed. by Jean-Pierre Michaux
260 _aLondon
_bVision and Barnes & Noble UK
300 _a214p.
_ccm.
650 _aENGLISH LITERATURE
942 _hO111,3M57:g, M3 (EO)
_cTB
_2CC
999 _c102281
_d102281